[Event "Finale Kupa SS Vojvodine 2009"]
[Site "Apatin"]
[Date "2009.04.30"]
[Round "1.1"]
[White "Popovic, Milos T"]
[Black "Petkovic, Radosav"]
[Result "1-0"]
[WhiteElo "2396"]
[BlackElo "2290"]
[PlyCount "47"]
[EventDate "2009.04.30"]

1. d4 f5 2. Bg5 g6 3. Nc3 d5 4. h4 Bg7 5. Nf3 Nc6 6. e3 a6 7. Bf4 Nf6 8. Ne5
Nd7 9. Nxd7 Qxd7 10. h5 e5 11. dxe5 Ne7 12. h6 Bf8 13. Qd4 Qc6 14. O-O-O Be6
15. Bg5 Rd8 16. e4 fxe4 17. Nxe4 Nf5 18. Nf6+ Kf7 19. Qf4 d4 20. Rh3 Rd5 21. g4
Ra5 22. gxf5 Bxf5 23. Rc3 dxc3 24. Bc4+ 1-0

[Event "Finale Kupa SS Vojvodine 2009"]
[Site "Apatin"]
[Date "2009.04.30"]
[Round "1.1"]
[White "Manojlovic, Sava"]
[Black "Velickovic, Sasa"]
[Result "0-1"]
[WhiteElo "2087"]
[BlackElo "2415"]
[PlyCount "48"]
[EventDate "2009.04.30"]

1. Nf3 c5 2. c4 g6 3. g3 Bg7 4. Bg2 Nc6 5. Nc3 d6 6. d3 a6 7. Bd2 Rb8 8. Rb1 b5
9. h4 Nf6 10. b3 Bd7 11. Qc1 h6 12. Nd5 e6 13. Nxf6+ Qxf6 14. g4 Qe7 15. g5
hxg5 16. Bxg5 f6 17. Be3 Kf7 18. Nd2 Ne5 19. Ne4 Bc6 20. d4 cxd4 21. Bxd4 Bxe4
22. Bxe4 f5 23. Qf4 bxc4 24. bxc4 g5 0-1

[Event "Finale Kupa SS Vojvodine 2009"]
[Site "Apatin"]
[Date "2009.04.30"]
[Round "1.1"]
[White "Paroski, Sinisa"]
[Black "Mihic, Bojan"]
[Result "0-1"]
[WhiteElo "2219"]
[BlackElo "2391"]
[PlyCount "69"]
[EventDate "2009.04.30"]

1. e4 e6 2. d4 d5 3. Nd2 Be7 4. Bd3 c5 5. dxc5 Nf6 6. exd5 exd5 7. Ngf3 O-O 8.
O-O Bxc5 9. Nb3 Be7 10. h3 Nc6 11. c3 h6 12. Re1 Bd6 13. Nbd4 a6 14. Nf5 Bxf5
15. Bxf5 Bc7 16. Be3 Re8 17. Bd3 Ne4 18. Qc2 Qf6 19. Rad1 Rad8 20. Bxe4 dxe4
21. Rxd8 Qxd8 22. Nd2 Qd6 23. Nf1 Qe6 24. Nd2 f5 25. Qb3 Qxb3 26. Nxb3 Ne5 27.
Nc5 a5 28. Rd1 b6 29. Na4 Nd3 30. Bxb6 Nxb2 31. Rd7 Bxb6 32. Nxb6 Rb8 33. Nd5
Kf8 34. Nf4 g5 35. Ng6+ 0-1

[Event "Finale Kupa SS Vojvodine 2009"]
[Site "Apatin"]
[Date "2009.04.30"]
[Round "1.2"]
[White "Avram, Veso"]
[Black "Bodiroga, Predrag"]
[Result "0-1"]
[WhiteElo "2152"]
[BlackElo "2422"]
[PlyCount "78"]
[EventDate "2009.04.30"]

1. d4 Nf6 2. c4 e6 3. Nc3 Bb4 4. a3 Bxc3+ 5. bxc3 c5 6. e3 d6 7. d5 Qe7 8. g3
exd5 9. Bg2 dxc4 10. Qa4+ Bd7 11. Qxc4 Bc6 12. Nf3 Nbd7 13. O-O O-O 14. Rd1
Bxf3 15. Bxf3 Ne5 16. Qf4 Nxf3+ 17. Qxf3 d5 18. c4 Qe4 19. Qxe4 dxe4 20. Bb2
Rfd8 21. Bxf6 gxf6 22. a4 Kf8 23. Rab1 b6 24. a5 Rxd1+ 25. Rxd1 Ke7 26. Rb1 Rb8
27. g4 f5 28. gxf5 Kf6 29. f4 Kxf5 30. Kf2 h5 31. Rb3 h4 32. Rb1 Rd8 33. axb6
axb6 34. Rxb6 Rd2+ 35. Ke1 Rxh2 36. Rb5 h3 37. Rxc5+ Kg4 38. Rg5+ Kf3 39. f5
Rc2 0-1

[Event "Finale Kupa SS Vojvodine 2009"]
[Site "Apatin"]
[Date "2009.04.30"]
[Round "1.2"]
[White "Somborski, Nebojsa"]
[Black "Avram, Sretko"]
[Result "1-0"]
[WhiteElo "2376"]
[BlackElo "2296"]
[PlyCount "51"]
[EventDate "2009.04.30"]

1. e4 e5 2. Nf3 Nf6 3. Nxe5 d6 4. Nf3 Nxe4 5. d4 d5 6. Bd3 Nc6 7. O-O Be7 8.
Re1 Bg4 9. c4 Nf6 10. Nc3 Nxd4 11. cxd5 Nxf3+ 12. gxf3 Bh5 13. Bb5+ Kf8 14. Bf4
a6 15. Ba4 b5 16. Bb3 Qd7 17. Bg3 Bd6 18. Rc1 Qf5 19. Re3 g5 20. Bc2 Qd7 21.
Qd4 Be7 22. Be5 c5 23. dxc6 Qxd4 24. Bxd4 Rg8 25. Rce1 Bd8 26. c7 1-0

[Event "Finale Kupa SS Vojvodine 2009"]
[Site "Apatin"]
[Date "2009.04.30"]
[Round "1.2"]
[White "Markov, Ziva"]
[Black "Vukic, Radivoj"]
[Result "1/2-1/2"]
[WhiteElo "2194"]
[BlackElo "2340"]
[PlyCount "49"]
[EventDate "2009.04.30"]

1. e4 c6 2. d4 d5 3. exd5 cxd5 4. c4 Nf6 5. Nc3 e6 6. Nf3 Be7 7. Bg5 O-O 8.
cxd5 Nxd5 9. Bxe7 Qxe7 10. Nxd5 exd5+ 11. Qe2 Qd8 12. Qd2 Re8+ 13. Be2 Qe7 14.
a4 f6 15. Ra3 Bd7 16. Re3 Qd6 17. Rxe8+ Bxe8 18. b3 Nc6 19. O-O Bh5 20. Rc1 Ne7
21. Rc5 b6 22. Rc3 Rc8 23. Rxc8+ Nxc8 24. Ne1 Bxe2 25. Qxe2 1/2-1/2

[Event "Finale Kupa SS Vojvodine 2009"]
[Site "Apatin"]
[Date "2009.04.30"]
[Round "1.2"]
[White "Vajdic, Nikola"]
[Black "Vranes, Davorin"]
[Result "1-0"]
[WhiteElo "2288"]
[BlackElo "2139"]
[PlyCount "69"]
[EventDate "2009.04.30"]

1. Nf3 Nf6 2. d4 g6 3. c4 Bg7 4. Nc3 O-O 5. e4 d6 6. Be2 e5 7. O-O Nbd7 8. Be3
Ng4 9. Bg5 f6 10. Bh4 g5 11. Bg3 Nh6 12. dxe5 fxe5 13. b4 Nf7 14. Nd2 Nf6 15.
Nb3 Be6 16. c5 Qe7 17. cxd6 cxd6 18. Rc1 Rac8 19. f3 Rfd8 20. Bf2 b6 21. Ba6
Rc7 22. Nd5 Nxd5 23. exd5 Bc8 24. Bd3 Bb7 25. Bf5 Bc8 26. Bb1 Ba6 27. Re1 Rdc8
28. Rxc7 Rxc7 29. Nd4 Nd8 30. b5 Qf6 31. Qd3 exd4 32. Qxh7+ Kf7 33. Qh5+ Kg8
34. Bh7+ Kf8 35. Bg6 1-0

[Event "Finale Kupa SS Vojvodine 2009"]
[Site "Apatin"]
[Date "2009.04.30"]
[Round "1.3"]
[White "Vujadinovic, Goran"]
[Black "Petakov, Uros"]
[Result "0-1"]
[WhiteElo "2367"]
[BlackElo "2269"]
[PlyCount "68"]
[EventDate "2009.04.30"]

1. g3 Nf6 2. Bg2 Nc6 3. e4 e5 4. Nc3 Bc5 5. d3 Nd4 6. Na4 Be7 7. f4 d6 8. h3 c6
9. c3 Ne6 10. f5 Nc7 11. c4 g6 12. g4 gxf5 13. exf5 d5 14. Qe2 e4 15. dxe4 Nxe4
16. Bxe4 dxe4 17. Qxe4 O-O 18. Bf4 Bb4+ 19. Kf1 b5 20. a3 bxa4 21. axb4 Ba6 22.
Rh2 Re8 23. Qxc6 Qd3+ 24. Ne2 Bxc4 25. Bxc7 Rxe2 26. Rxe2 Qxe2+ 27. Kg1 Rc8 28.
Qh6 f6 29. Qf4 Bd5 30. Qh2 Qe3+ 31. Kf1 Qd3+ 32. Kg1 Qd4+ 33. Kf1 Bc4+ 34. Kg2
Qxb2+ 0-1

[Event "Finale Kupa SS Vojvodine 2009"]
[Site "Apatin"]
[Date "2009.04.30"]
[Round "1.3"]
[White "Vukovic, Miroslav R"]
[Black "Stanojevic, Branko"]
[Result "1/2-1/2"]
[WhiteElo "2180"]
[BlackElo "2290"]
[PlyCount "90"]
[EventDate "2009.04.30"]

1. e4 e6 2. d4 d5 3. Nc3 Bb4 4. e5 c5 5. a3 Ba5 6. b4 cxd4 7. Qg4 Ne7 8. Nb5
Bc7 9. Nf3 Nbc6 10. Qxg7 Rg8 11. Qxh7 Nxe5 12. Nbxd4 Nxf3+ 13. Nxf3 Qd6 14. Bb2
Qf4 15. Qd3 e5 16. Qe3 Qxe3+ 17. fxe3 f6 18. Kf2 Be6 19. Rc1 a5 20. b5 Bb6 21.
c4 Rc8 22. cxd5 Rxc1 23. Bxc1 Bxd5 24. Nd2 Rg4 25. h3 Rf4+ 26. Ke2 Ra4 27. e4
Bxe4 28. Nxe4 Rxe4+ 29. Kd1 Nf5 30. Bd3 Rd4 31. Kc2 e4 32. Re1 Ng3 33. Bf1 Rd5
34. Bc4 Rf5 35. Kb3 Rf2 36. Bd5 f5 37. Bxb7 Ne2 38. g4 Rf3+ 39. Kb2 Bd4+ 40.
Kb1 Nc3+ 41. Kc2 a4 42. Bg5 Rf2+ 43. Kc1 Na2+ 44. Kd1 Nc3+ 45. Kc1 Na2+ 1/2-1/2

[Event "Finale Kupa SS Vojvodine 2009"]
[Site "Apatin"]
[Date "2009.04.30"]
[Round "1.3"]
[White "Curakovic, Dragan"]
[Black "Bogic, Stevan"]
[Result "0-1"]
[WhiteElo "2139"]
[BlackElo "2262"]
[PlyCount "158"]
[EventDate "2009.04.30"]

1. e4 c5 2. Nf3 d6 3. d4 cxd4 4. Nxd4 Nf6 5. Nc3 a6 6. Be2 e5 7. Nb3 Be7 8. Be3
Be6 9. O-O O-O 10. Bf3 Nbd7 11. Qd2 Nb6 12. Na5 Qc7 13. Rfd1 Rac8 14. Bxb6 Qxb6
15. Nb3 Qc7 16. h3 b5 17. Rac1 h6 18. a3 Nd7 19. Rb1 Nb6 20. Na5 Rfd8 21. Qe1
g6 22. Bg4 Kg7 23. g3 h5 24. Bxe6 fxe6 25. h4 Rf8 26. Rd3 Rf7 27. Qd2 Rcf8 28.
Rf1 Nd7 29. Nb3 Rc8 30. Kg2 Nf6 31. f3 d5 32. exd5 exd5 33. Nxd5 Nxd5 34. Rxd5
Qxc2 35. Qxc2 Rxc2+ 36. Rd2 Rxd2+ 37. Nxd2 Bc5 38. Rc1 Be3 39. Rc2 Bxd2 40.
Rxd2 Rc7 41. Kf2 Kf7 42. Ke3 Ke6 43. Rg2 Rc4 44. Kd3 Kf5 45. Ke3 a5 46. Rd2 Ke6
47. Re2 a4 48. Rd2 Rc1 49. f4 exf4+ 50. Kxf4 Rc4+ 51. Kf3 Ke5 52. Ke3 b4 53.
axb4 Rxb4 54. Rc2 Rb3+ 55. Kf2 Kd4 56. Rd2+ Ke4 57. Rc2 Kd3 58. Re2 Rb6 59. Ke1
Rf6 60. Rd2+ Kc4 61. Ke2 Kb3 62. Rd4 Rc6 63. Rd2 Rc2 64. Kd1 Rc6 65. Rg2 Re6
66. Kd2 Rf6 67. Ke1 Rc6 68. Kd1 Rf6 69. Ke1 Ka2 70. g4 Rf4 71. gxh5 gxh5 72.
b4+ Kb3 73. b5 a3 74. Rg3+ Kb2 75. Rg2+ Kb1 76. Ke2 a2 77. Ke3 Rb4 78. Rg1+ Kb2
79. Rg2+ Ka3 0-1

[Event "Finale Kupa SS Vojvodine 2009"]
[Site "Apatin"]
[Date "2009.04.30"]
[Round "1.5"]
[White "Krneta, Milan"]
[Black "Ujhazi, Ivan"]
[Result "1/2-1/2"]
[WhiteElo "2010"]
[BlackElo "2211"]
[PlyCount "144"]
[EventDate "2009.04.30"]

1. d4 Nf6 2. g3 d5 3. Bg2 e6 4. Nf3 c5 5. c3 Nc6 6. O-O Bd6 7. Bg5 h6 8. Bxf6
Qxf6 9. e3 O-O 10. Nbd2 Rd8 11. Rc1 e5 12. dxe5 Nxe5 13. Nxe5 Bxe5 14. Qe2 Qb6
15. Nb3 a5 16. Rcd1 a4 17. Nc1 a3 18. b3 Be6 19. Qc2 Bf6 20. Rfe1 Rac8 21. e4
dxe4 22. c4 Rxd1 23. Rxd1 Bg4 24. Rd5 Re8 25. Ne2 Qb4 26. Kf1 Bf3 27. h4 g6 28.
Rd6 Be5 29. Rd5 Kg7 30. Qd2 Qxd2 31. Rxd2 e3 32. fxe3 Bxe2+ 33. Kxe2 Bxg3 34.
h5 gxh5 35. Kf3 Bh4 36. Rd5 b6 37. Bh3 Bg5 38. e4 Bf6 39. Kf4 Bg5+ 40. Kf5 Rb8
41. Bf1 Kf8 42. e5 Ke7 43. Ke4 f5+ 44. exf6+ Bxf6 45. Rd2 Rf8 46. Be2 h4 47.
Bg4 Bd4 48. Rh2 Bf2 49. Bf5 Bg3 50. Rd2 Bd6 51. Rg2 Rxf5 52. Kxf5 h3 53. Rg1 h2
54. Re1+ Kf7 55. Kg4 Kf6 56. Kh3 Kf5 57. Kg2 Bf4 58. Rb1 Bd2 59. Rd1 Bf4 60.
Kf3 h5 61. Rd5+ Be5 62. Rd1 Bd4 63. Kg2 Ke4 64. Kxh2 Ke3 65. Re1+ Kd2 66. Re6
Kc2 67. Rxb6 Bc3 68. Rb5 Kb2 69. Rxc5 Kxa2 70. Rc6 Kxb3 71. Ra6 a2 72. Rxa2
Kxa2 1/2-1/2

[Event "Finale Kupa SS Vojvodine 2009"]
[Site "Apatin"]
[Date "2009.05.01"]
[Round "2.2"]
[White "Velickovic, Sasa"]
[Black "Rogac, Srdjan"]
[Result "1-0"]
[WhiteElo "2415"]
[BlackElo "2308"]
[PlyCount "91"]
[EventDate "2009.04.30"]

1. e4 c5 2. Nf3 Nc6 3. Nc3 e6 4. Bb5 a6 5. Bxc6 dxc6 6. a4 a5 7. O-O Nf6 8. d3
h6 9. Bf4 Be7 10. h3 O-O 11. Qe2 Re8 12. Rfd1 Bf8 13. Bh2 Qb6 14. b3 Qa7 15.
Ne5 Bd6 16. Kh1 Bxe5 17. Bxe5 Nd7 18. Bh2 e5 19. f4 exf4 20. Bxf4 Nf8 21. Qf2
Ng6 22. Bd6 b6 23. Qg3 Be6 24. Rf1 Rad8 25. Rae1 Kh7 26. Re3 f6 27. Ref3 Rd7
28. Bf4 Nxf4 29. Rxf4 Qc7 30. Qe1 Rde7 31. Qd2 Qe5 32. Nd1 Qg5 33. Ne3 Rd8 34.
Qf2 Rd4 35. Nc4 Rb7 36. Rf3 Qh5 37. Kg1 Qg5 38. Rg3 Qh5 39. Nxb6 Rxb6 40. Rxg7+
Kxg7 41. Qxf6+ Kh7 42. Qe7+ Kh8 43. Qf6+ Kh7 44. Qe7+ Kh8 45. Qxe6 Rb8 46. Rf5
1-0

[Event "Finale Kupa SS Vojvodine 2009"]
[Site "Apatin"]
[Date "2009.05.01"]
[Round "2.4"]
[White "Mihic, Bojan"]
[Black "Bokan, Danko"]
[Result "1-0"]
[WhiteElo "2391"]
[BlackElo "2297"]
[PlyCount "143"]
[EventDate "2009.04.30"]

1. Nf3 Nf6 2. c4 g6 3. Nc3 Bg7 4. e4 d6 5. d4 O-O 6. Be2 e5 7. O-O Nc6 8. d5
Ne7 9. Ne1 Ne8 10. Be3 f5 11. f3 f4 12. Bf2 g5 13. c5 h5 14. a4 Kh8 15. a5 Bf6
16. Nb5 a6 17. cxd6 Nxd6 18. Nxd6 cxd6 19. Bb6 Qe8 20. Rc1 Ng8 21. Nd3 Nh6 22.
Nf2 Qg6 23. h3 Rg8 24. Rc3 Rg7 25. Qc2 Bd7 26. Rc1 g4 27. fxg4 hxg4 28. Nxg4
Nxg4 29. Bxg4 Bxg4 30. hxg4 Qxg4 31. Rc8+ Rxc8 32. Qxc8+ Qxc8 33. Rxc8+ Kh7 34.
Kf1 Rg8 35. Rc7+ Rg7 36. Rc3 Rd7 37. Rc8 Kg6 38. Re8 Be7 39. Ke2 Kf7 40. Rc8
Bh4 41. Kf3 Bf6 42. Kg4 Kg6 43. Bc7 Be7 44. g3 fxg3 45. Kxg3 Kf6 46. Kg4 Kg6
47. Bb6 Bf6 48. Re8 Be7 49. Be3 Kf7 50. Rc8 Bd8 51. Bb6 Bf6 52. Kf5 Bg7 53. Be3
Bf8 54. Bg5 Bg7 55. b3 Bf8 56. Bf6 Bh6 57. Rh8 Bd2 58. Rh7+ Ke8 59. Rh2 Bf4 60.
Rg2 Kf7 61. Rg7+ Ke8 62. Ke6 Rxg7 63. Bxg7 Bd2 64. Kxd6 Bxa5 65. Ke6 Bd8 66. d6
Bh4 67. d7+ Kd8 68. Bxe5 b5 69. Kd6 a5 70. Kc6 Ke7 71. Bc7 Ke6 72. Bxa5 1-0

[Event "Finale Kupa SS Vojvodine 2009"]
[Site "Apatin"]
[Date "2009.05.01"]
[Round "2.1"]
[White "Bodiroga, Predrag"]
[Black "Brajic, Miloje"]
[Result "1-0"]
[WhiteElo "2422"]
[BlackElo "2222"]
[PlyCount "161"]
[EventDate "2009.04.30"]

1. d4 Nf6 2. c4 e6 3. Nf3 d5 4. Nc3 c6 5. e3 Bd6 6. Bd3 Nbd7 7. O-O O-O 8. e4
dxe4 9. Nxe4 Nxe4 10. Bxe4 e5 11. dxe5 Nxe5 12. Nxe5 Bxe5 13. Bxh7+ Kxh7 14.
Qh5+ Kg8 15. Qxe5 Re8 16. Qf4 Re2 17. b3 Qa5 18. a4 Bf5 19. b4 Qe5 20. Qxe5
Rxe5 21. Be3 Bd3 22. Rfc1 Re4 23. Ra3 Be2 24. Rac3 Rd8 25. f3 Re6 26. Kf2 Bd1
27. a5 a6 28. Ke1 Red6 29. Kf2 Re6 30. h4 f5 31. Kg3 Kf7 32. Rb1 Be2 33. Rb2
Rd3 34. Rxd3 Bxd3 35. Kf4 Bxc4 36. Rd2 Bd5 37. Bd4 g6 38. h5 gxh5 39. Kxf5 Rg6
40. Be5 h4 41. Bf4 Be6+ 42. Ke5 Bd5 43. Kd4 Kf6 44. Kc5 Kf5 45. Bc7 h3 46. gxh3
Bxf3 47. Rd4 Bg2 48. h4 Rh6 49. Bd8 Rh7 50. Bg5 Bd5 51. Kd6 Be4 52. Rd2 Bf3 53.
Rd4 Be4 54. Rd1 Kg4 55. Rg1+ Kf5 56. Rf1+ Kg6 57. Rf6+ Kh5 58. Kc5 Rd7 59. Rf4
Rd5+ 60. Kc4 Bd3+ 61. Kc3 Rd7 62. Rf8 Be2 63. Re8 Bf1 64. Re1 Bb5 65. Be7 Rd3+
66. Kc2 Rd4 67. Re5+ Kg6 68. h5+ Kh6 69. Bg5+ Kh7 70. Re7+ Kg8 71. h6 Bd3+ 72.
Kc3 Rd5 73. Be3 Bf5 74. Rg7+ Kf8 75. Bc5+ Ke8 76. h7 Bxh7 77. Rxh7 Rd7 78. Rh8+
Kf7 79. Kc4 Ke6 80. Re8+ Kf5 81. Bd4 1-0

[Event "Finale Kupa SS Vojvodine 2009"]
[Site "Apatin"]
[Date "2009.05.01"]
[Round "2.2"]
[White "Ujhazi, Ivan"]
[Black "Somborski, Nebojsa"]
[Result "1/2-1/2"]
[WhiteElo "2211"]
[BlackElo "2376"]
[PlyCount "27"]
[EventDate "2009.04.30"]

1. e4 e5 2. Nc3 Nf6 3. f4 d5 4. fxe5 Nxe4 5. Nf3 Be7 6. d4 O-O 7. Bd3 f5 8.
exf6 Bxf6 9. O-O Nc6 10. Nxe4 dxe4 11. Bxe4 Nxd4 12. Be3 Bf5 13. Bxf5 Nxf5 14.
Bf2 1/2-1/2

[Event "Finale Kupa SS Vojvodine 2009"]
[Site "Apatin"]
[Date "2009.05.01"]
[Round "2.3"]
[White "Vukic, Radivoj"]
[Black "Stojkovic, Miroljub"]
[Result "1-0"]
[WhiteElo "2340"]
[BlackElo "2229"]
[PlyCount "59"]
[EventDate "2009.04.30"]

1. Nf3 f5 2. c4 Nf6 3. g3 d6 4. d4 g6 5. b4 Bg7 6. Bb2 O-O 7. Bg2 Qe8 8. O-O
Nbd7 9. Ng5 e5 10. c5 Nb8 11. cxd6 cxd6 12. dxe5 dxe5 13. Na3 h6 14. Nf3 e4 15.
Nd4 Na6 16. Nc4 Qe7 17. a3 Bd7 18. Qb3 Kh7 19. Rfd1 Rfc8 20. Ne3 Nc7 21. a4 b5
22. a5 Nce8 23. Rac1 a6 24. Ba3 Rxc1 25. Rxc1 Ng4 26. Nxg4 Bxd4 27. Qd5 Rc8 28.
Rxc8 Bxc8 29. Qxd4 fxg4 30. Bb2 1-0

[Event "Finale Kupa SS Vojvodine 2009"]
[Site "Apatin"]
[Date "2009.05.01"]
[Round "2.4"]
[White "Kovacevic, Goran"]
[Black "Vajdic, Nikola"]
[Result "1-0"]
[WhiteElo "2212"]
[BlackElo "2288"]
[PlyCount "73"]
[EventDate "2009.04.30"]

1. e4 c5 2. Nf3 Nc6 3. d4 cxd4 4. Nxd4 Nf6 5. Nxc6 bxc6 6. Nc3 d6 7. Bc4 e6 8.
O-O d5 9. Bd3 Be7 10. e5 Nd7 11. Re1 f5 12. exf6 Nxf6 13. Bf4 O-O 14. Be5 Bc5
15. Na4 Bd6 16. f4 c5 17. c3 Bb7 18. b4 cxb4 19. cxb4 Bxb4 20. Re3 Qe7 21. Rg3
Bc6 22. Rc1 Rac8 23. Rb1 Bxa4 24. Qxa4 Bc5+ 25. Kh1 Nh5 26. Rg5 g6 27. Ba6 Qe8
28. Qd1 Be7 29. Qxh5 Bxg5 30. Qxg5 Rc6 31. Bd3 Qf7 32. h3 Rfc8 33. Kh2 Rf8 34.
Rf1 a5 35. Rf3 Rc1 36. f5 Re1 37. fxg6 1-0

[Event "Finale Kupa SS Vojvodine 2009"]
[Site "Apatin"]
[Date "2009.05.01"]
[Round "2.1"]
[White "Sokic, Dragomir"]
[Black "Vujadinovic, Goran"]
[Result "0-1"]
[WhiteElo "1828"]
[BlackElo "2367"]
[PlyCount "98"]
[EventDate "2009.04.30"]

1. e4 d6 2. f4 g6 3. Nf3 Bg7 4. Bc4 c6 5. Nc3 Nf6 6. e5 Nd5 7. Bxd5 cxd5 8. O-O
d4 9. Ne4 dxe5 10. fxe5 Nc6 11. Qe2 O-O 12. Nf2 Qd5 13. Re1 b5 14. d3 Bb7 15.
Bf4 Rac8 16. c4 dxc3 17. bxc3 Nd8 18. Rac1 Ne6 19. Bg3 Bh6 20. Rc2 Rfd8 21. Rd1
b4 22. Ng4 Bf4 23. c4 Qc5+ 24. Bf2 Qc6 25. Bxa7 h5 26. Nf2 Qa4 27. Bb6 Bxf3 28.
gxf3 Rd7 29. Nh1 Bxe5 30. Rcd2 Bc3 31. Be3 Bxd2 32. Rxd2 Qa3 33. Kg2 Qc3 34.
Nf2 Qe5 35. Ne4 f5 36. Ng3 f4 37. Bf2 Qxe2 38. Nxe2 Rxc4 39. h4 Rc6 40. d4 Rd5
41. Rb2 Rc4 42. Rd2 Kf7 43. Rb2 Kf6 44. Be1 Nxd4 45. Nxf4 Rf5 46. Kg3 Nxf3 47.
Kxf3 Rfxf4+ 48. Ke2 Rce4+ 49. Kd2 Rxe1 0-1

[Event "Finale Kupa SS Vojvodine 2009"]
[Site "Apatin"]
[Date "2009.05.01"]
[Round "2.1"]
[White "Petkovic, Radosav"]
[Black "Scepanovic, Rade"]
[Result "1-0"]
[WhiteElo "2290"]
[BlackElo "2280"]
[PlyCount "75"]
[EventDate "2009.04.30"]

1. e4 e5 2. Nf3 Nc6 3. d4 exd4 4. Nxd4 Nf6 5. Nxc6 bxc6 6. e5 Qe7 7. Qe2 Nd5 8.
c4 Nb6 9. Nc3 a5 10. Qe4 Qe6 11. Bd3 Ba6 12. b3 Bb4 13. Bd2 d5 14. exd6 cxd6
15. O-O-O Qxe4 16. Bxe4 Kd7 17. Be3 Kc7 18. Kc2 Rhe8 19. Bf3 Bc8 20. g4 f5 21.
h3 Rb8 22. Ne2 Nd7 23. g5 a4 24. Nd4 Ne5 25. Bg2 c5 26. Ne2 f4 27. Nxf4 Bf5+
28. Kc1 Ba3+ 29. Kd2 axb3 30. axb3 Rxb3 31. Bd5 h6 32. Rhg1 hxg5 33. Rxg5 g6
34. Ra1 Reb8 35. Ke2 Rh8 36. Kf1 Rxh3 (36... Rh4 37. Kg2 Kb6 38. Rg3 Kc7 39.
Bd2 Rb2 40. Bc1) 37. Kg2 Kb6 38. Rg3 1-0

[Event "Finale Kupa SS Vojvodine 2009"]
[Site "Apatin"]
[Date "2009.05.01"]
[Round "2.3"]
[White "Srdjanov, Steva"]
[Black "Kler, Borko"]
[Result "1-0"]
[WhiteElo "2273"]
[BlackElo "2217"]
[PlyCount "89"]
[EventDate "2009.04.30"]

1. Nf3 Nf6 2. d3 g6 3. e4 d6 4. c3 Bg7 5. Be2 O-O 6. Nbd2 e5 7. Nf1 d5 8. Qc2
Re8 9. Ng3 c6 10. Bg5 h6 11. Bd2 Nbd7 12. Qc1 Kh7 13. h4 h5 14. Ng5+ Kg8 15. b4
Nf8 16. O-O Re7 17. a4 Bg4 18. f3 Be6 19. a5 Rc8 20. Be3 b6 21. axb6 axb6 22.
Qa3 c5 23. bxc5 d4 24. cxd4 exd4 25. Bf4 bxc5 26. Rfc1 Qb6 27. Nf1 Rb7 28. Nd2
N6d7 29. Bd1 Ne5 30. Rcb1 Qc7 31. Bh2 Qe7 32. Rxb7 Qxb7 33. f4 Nc6 34. f5 gxf5
35. Nxe6 fxe6 36. exf5 Qb4 37. Qxb4 Nxb4 38. fxe6 Nxe6 39. Bb3 Re8 40. Re1 Kf7
41. Ne4 Bf8 42. Ng5+ Kf6 43. Rf1+ Ke7 44. Rf7+ Kd8 45. Nxe6+ 1-0

[Event "Finale Kupa SS Vojvodine 2009"]
[Site "Apatin"]
[Date "2009.05.01"]
[Round "2.1"]
[White "Petakov, Uros"]
[Black "Avram, Veso"]
[Result "1-0"]
[WhiteElo "2269"]
[BlackElo "2152"]
[PlyCount "101"]
[EventDate "2009.04.30"]

1. d4 Nf6 2. Nf3 e6 3. e3 b6 4. Nbd2 Bb7 5. Bd3 d5 6. O-O Nbd7 7. b3 Bd6 8. Bb2
O-O 9. Ne5 Ne4 10. c4 Nxd2 11. Qxd2 f6 12. Nxd7 Qxd7 13. Rac1 c5 14. Rfd1 Qe7
15. cxd5 exd5 16. dxc5 Bxc5 17. Qc2 g6 18. h4 Rac8 19. Qe2 f5 20. h5 Bd6 21.
Rxc8 Rxc8 22. hxg6 hxg6 23. Bd4 Be5 24. Qb2 Bxd4 25. Qxd4 Kf7 26. Kf1 Qf6 27.
Qa4 a5 28. b4 Bc6 29. Bb5 Bxb5+ 30. Qxb5 Qc6 31. Qxc6 Rxc6 32. bxa5 bxa5 33.
Rxd5 Rc1+ 34. Ke2 Rc2+ 35. Rd2 Rc3 36. Kd1 Rc5 37. Rb2 Rd5+ 38. Ke2 g5 39. Kf3
Ke6 40. Rb6+ Ke5 41. g4 Rc5 42. a4 fxg4+ 43. Kxg4 Rc4+ 44. Kxg5 Rxa4 45. f4+
Kd5 46. f5 Ra1 47. f6 Rg1+ 48. Kf5 Kc5 49. Ra6 Kb5 50. Ra8 a4 51. f7 1-0

[Event "Finale Kupa SS Vojvodine 2009"]
[Site "Apatin"]
[Date "2009.05.01"]
[Round "2.3"]
[White "Mehandzic, Georgije"]
[Black "Markov, Ziva"]
[Result "0-1"]
[WhiteElo "2120"]
[BlackElo "2194"]
[PlyCount "68"]
[EventDate "2009.04.30"]

1. c4 c6 2. Nf3 Nf6 3. g3 d5 4. Bg2 e6 5. O-O Nbd7 6. d3 Be7 7. Nc3 O-O 8. e4
dxe4 9. dxe4 e5 10. h3 Qc7 11. Qe2 b6 12. Bd2 a5 13. b3 Bb7 14. g4 Rfd8 15.
Rad1 Bb4 16. Nh4 Nc5 17. g5 Rxd2 18. Qxd2 Nfxe4 19. Bxe4 Nxe4 20. Qd7 Qxd7 21.
Rxd7 Nc5 22. Rfd1 Nxd7 23. Rxd7 Rb8 24. Ne4 Bf8 25. c5 bxc5 26. Nf3 Ba6 27.
Nxe5 Re8 28. f4 Bc8 29. Ra7 c4 30. Rxa5 c3 31. Ra4 c2 32. Rc4 Bf5 33. Nc5 Bxc5+
34. Rxc5 f6 0-1

[Event "Finale Kupa SS Vojvodine 2009"]
[Site "Apatin"]
[Date "2009.05.01"]
[Round "2.4"]
[White "Vranes, Davorin"]
[Black "Curakovic, Dragan"]
[Result "0-1"]
[WhiteElo "2139"]
[BlackElo "2139"]
[PlyCount "134"]
[EventDate "2009.04.30"]

1. e4 c6 2. d4 d5 3. Nc3 e6 4. Nf3 Nd7 5. Bd3 dxe4 6. Nxe4 Ngf6 7. O-O Be7 8.
Qe2 O-O 9. Rd1 Qc7 10. Nxf6+ Nxf6 11. Bg5 b6 12. c3 Bb7 13. Ba6 Bxa6 14. Qxa6
c5 15. Bxf6 Bxf6 16. dxc5 bxc5 17. Qc4 Qb6 18. Rd2 Rfd8 19. Qe2 Rxd2 20. Qxd2
a5 21. Qc2 Rd8 22. Qb3 Rb8 23. Nd2 Qc7 24. Qc2 g6 25. Re1 Qb6 26. Nc4 Qb5 27.
b3 a4 28. Rb1 Qa6 29. g3 Rd8 30. Rd1 Rd5 31. Ne3 axb3 32. axb3 Rxd1+ 33. Nxd1
Qa1 34. Kg2 Qa5 35. Qd3 h5 36. h4 Kg7 37. c4 Qe1 38. Ne3 Bd4 39. Qd1 Qc3 40.
Qc2 Qb4 41. Qd3 Qb7+ 42. Kg1 Qf3 43. Qd1 Qe4 44. Qc2 Qe5 45. Nf1 f6 46. Kg2 g5
47. hxg5 fxg5 48. Qd3 Qf5 49. Qe2 g4 50. Nh2 Kg6 51. f3 gxf3+ 52. Nxf3 Bf6 53.
Qe3 Kf7 54. Qd2 Qe4 55. Kf2 Ke7 56. Qe3 Qf5 57. Kg2 Kd6 58. Qd2+ Kc6 59. Qe3
Qg4 60. Kh2 Kd6 61. Qd3+ Bd4 62. b4 Kc7 63. bxc5 Bxc5 64. Ne5 Qd4 65. Qh7+ Kb6
66. Qxh5 Bd6 67. Nd7+ Kc7 0-1

[Event "Finale Kupa SS Vojvodine 2009"]
[Site "Apatin"]
[Date "2009.05.01"]
[Round "2.2"]
[White "Avram, Sretko"]
[Black "Vukovic, Miroslav R"]
[Result "1-0"]
[WhiteElo "2296"]
[BlackElo "2180"]
[PlyCount "107"]
[EventDate "2009.04.30"]

1. Nf3 d5 2. d4 Nf6 3. c4 c6 4. Nc3 dxc4 5. a4 Bf5 6. Ne5 Nbd7 7. Nxc4 e6 8. f3
Bb4 9. Bd2 O-O 10. e4 Bg6 11. Be2 Nb6 12. Be3 Nfd7 13. O-O Qe7 14. a5 Nxc4 15.
Bxc4 f6 16. Qb3 Bf7 17. Ne2 e5 18. Bxf7+ Rxf7 19. d5 c5 20. Ng3 g6 21. h4 Qd6
22. h5 f5 23. hxg6 hxg6 24. f4 Raf8 25. Rac1 b6 26. axb6 Qxb6 27. Qc2 fxe4 28.
Nxe4 exf4 29. Bf2 Rf5 30. d6 Kh7 31. Qe2 Qc6 32. Bh4 Kh6 33. Be7 R8f7 34. g4
Re5 35. Qh2+ Kg7 36. Ng5 Rxg5 37. Bxg5 Qe4 38. Rxf4 Rxf4 39. Qxf4 Qe6 40. Rf1
c4 41. Bh4 Kg8 42. Rc1 a5 43. Bg5 a4 44. Be7 Bc5+ 45. Kh1 a3 46. bxa3 c3 47.
Rf1 Be3 48. Qa4 Kg7 49. Kg2 Qd5+ 50. Kh3 Qd3 51. Rf3 Qd5 52. Rf1 Bd4 53. Qxd7
Kh6 54. Bf8+ 1-0

[Event "Finale Kupa SS Vojvodine 2009"]
[Site "Apatin"]
[Date "2009.05.01"]
[Round "3.1"]
[White "Somborski, Nebojsa"]
[Black "Velickovic, Sasa"]
[Result "1-0"]
[WhiteElo "2376"]
[BlackElo "2415"]
[PlyCount "139"]
[EventDate "2009.04.30"]

1. e4 c5 2. Nf3 e6 3. d4 cxd4 4. Nxd4 Nf6 5. Nc3 d6 6. g4 h6 7. h3 Nc6 8. Bg2
Bd7 9. Be3 a6 10. Qe2 Rc8 11. Rd1 Be7 12. O-O Nxd4 13. Bxd4 e5 14. Be3 g5 15.
Rfe1 Qc7 16. Rd2 Qa5 17. a3 Rxc3 18. bxc3 Qxa3 19. Qc4 O-O 20. Qb3 Qa5 21. Bb6
Qb5 22. Qxb5 Bxb5 23. Bc7 Ne8 24. Ba5 h5 25. Rb1 hxg4 26. hxg4 Bc6 27. f3 Nf6
28. Bb4 Rd8 29. Bf1 Ne8 30. Bc4 Rc8 31. Bd5 Bxd5 32. Rxd5 Nc7 33. Rd3 Nb5 34.
Ba5 Kg7 35. Rb3 Kf6 36. Kf1 Ke6 37. Bb6 Rc6 38. Be3 Bd8 39. Bd2 f6 40. Ke2 Bb6
41. Rd5 Nc7 42. c4 Kd7 43. Kd3 Ne6 44. Be3 Bxe3 45. Kxe3 Kc7 46. Rb4 b6 47. Ra4
a5 48. c3 Nc5 49. Ra3 Kd7 50. Rd2 Ne6 51. Ra4 Nf8 52. Rh2 Ke6 53. Rh6 Kf7 54.
Kd3 Kg7 55. Rh2 Ne6 56. Kc2 Rc8 57. Kb2 Rc6 58. Rd2 Kf7 59. Ra1 Nc5 60. Rb1 Ke6
61. Rbd1 Nb7 62. Kb3 Rc8 63. Rh2 Nc5+ 64. Ka3 Nd7 65. Rhd2 Rc6 66. Ka4 Ke7 67.
Kb5 Rc5+ 68. Ka6 Rc6 69. Kb7 Rxc4 70. Rxd6 1-0